Interpolators in predicting the estimated population density of Oebalus spp (Registro n. 341064)
[ somente texto ]
| 000 -LÍDER | |
|---|---|
| fixed length control field | 03631nab a2200337 i 4500 |
| 003 - CÓDIGO MARC DA AGÊNCIA CATALOGADORA | |
| Campo de controle | BR-BrBNA |
| 005 - DATA E HORA DA ÚLTIMA ATUALIZAÇÃO | |
| Campo de controle | 20260326125033.0 |
| 008 - CAMPO DE TAMANHO FIXO | |
| fixed length control field | 260326b2019 bl.qr|pooa||| 00| 0 eng | |
| 040 ## - FONTE DA CATALOGAÇÃO | |
| Agência catalogadora | BR-BrBNA |
| Idioma da catalogação | eng |
| 072 ## - CATEGORIA AGRIS | |
| Código AGRIS | H10 |
| Código do objeto | 0150 |
| 072 ## - CATEGORIA AGRIS | |
| Código AGRIS | H01 |
| 100 ## - ENTRADA PRINCIPAL - NOME PESSOAL | |
| Nome pessoal | Pasini, Mauricio Paulo Batistela |
| 100 ## - ENTRADA PRINCIPAL - NOME PESSOAL | |
| Nome pessoal | Lúcio, Alessandro Dal’Col |
| 100 ## - ENTRADA PRINCIPAL - NOME PESSOAL | |
| Nome pessoal | Cargnelutti Filho, Alberto |
| 100 ## - ENTRADA PRINCIPAL - NOME PESSOAL | |
| Nome pessoal | Ribeiro, Ana Lucia de Paula |
| 100 ## - ENTRADA PRINCIPAL - NOME PESSOAL | |
| Nome pessoal | Bortolotto, Rafael Pivotto |
| 100 ## - ENTRADA PRINCIPAL - NOME PESSOAL | |
| Nome pessoal | Zamberlan, João Fernando |
| 245 ## - TÍTULO PRINCIPAL | |
| Título principal | Interpolators in predicting the estimated population density of Oebalus spp |
| 500 ## - NOTA GERAL | |
| Nota geral | <br/><br/>Publicação online; 26 ref.; 6 tables; 2 illus.; Summaries (En, Pt) |
| 942 ## - ADDED ENTRY ELEMENTS (KOHA) | |
| Koha item type | Analítica |
| 520 ## - NOTA DE RESUMO | |
| Nota de conteúdo | <br/><br/><br/>ABSTRACT: The objective of this study was to compare interpolation methods of ordinary kriging and inverse distance weighted applied to the spatial distribution of Oebalus poecilus and Oebalus ypsinolgriseus population densities in irrigated rice. In two crops, it was generated a grid of 30 x 30 m sampling, termed Area 1 and Area 2 with 39 and 192 sampling units (1 m2, corresponding to 200 rice plants), respectively. Seven evaluations were carried out from sowing to harvesting. In these areas, O. poecilus and O. ypsilongriseus adults were quantified and the sum of each species was used for analysis. Values were submitted to the ordinary kriging interpolation and inverse distance weighted for different semivariogram models, in which the cross-validation technique was used for defining the best interpolator. The ordinary kriging interpolation method showed a better performance than the method of inverse distance weighted applied in the spatial distribution of population density of O. poecilus in rice cultivation. O. ypsilongriseus could not generate estimates for comparison. <br/><br/><br/><br/>Key words: dispersion; kriging; Oryza sativa; spatial distribution. |
| 520 ## - NOTA DE RESUMO | |
| Nota de conteúdo | <br/><br/><br/>RESUMO: O objetivo do estudo foi comparar métodos de interpolação de krigagem ordinária e inverso da distância ponderada aplicada à distribuição espacial da densidade populacional de Oebalus poecilus e Oebalus ypsilongriseus em arroz irrigado. Em duas safras foi gerada uma grade de 30 x 30 m de amostragem, denominada Área 1 e Área 2 com 39 e 192 unidades amostrais (1 m2, correspondentes a 200 plantas de arroz), respectivamente. Da semeadura até a colheita foram realizadas sete avaliações. Nessas áreas, os adultos de O. poecilus e O. ypsilongriseus foram quantificados e a soma de cada espécie foi utilizada para análise. Os valores foram submetidos à krigagem ordinária e distância inversa ponderada para diferentes modelos de semivariogramas, sendo utilizada a técnica de validação cruzada para definir o melhor interpolador. O método de krigagem ordinária apresentou melhor desempenho do que o método de distância inversa ponderada aplicada na distribuição espacial da densidade populacional de O. poecilus no cultivo de arroz. O. ypsilongriseus não pôde gerar estimativas para comparação. <br/><br/><br/><br/>Palavras-chave: dispersão; krigagem; Oryza sativa; distribuição espacial |
| 650 ## - ASSUNTO - THESAGRO | |
| Cabeçalho tópico ou nome geográfico | ARROZ IRRIGADO |
| 650 ## - ASSUNTO - THESAGRO | |
| Cabeçalho tópico ou nome geográfico | PRAGA DE PLANTA |
| 650 ## - ASSUNTO - THESAGRO | |
| Cabeçalho tópico ou nome geográfico | PERCEVEJO |
| 650 ## - ASSUNTO - THESAGRO | |
| Cabeçalho tópico ou nome geográfico | AMOSTRAGEM |
| 650 ## - ASSUNTO - THESAGRO | |
| Cabeçalho tópico ou nome geográfico | DEFESA VEGETAL |
| 773 0# - ENTRADA ANALÍTICA | |
| Host Biblionumber | 4656 |
| Registro do item | 361256 |
| Imprenta | Recife-PE Universidade Federal Rural de Pernambuco 2006 |
| Outro identificador | 2026-1180 |
| Título | Revista Brasileira de Ciências Agrárias (Brazil) |
| ISSN | 1981-1160 |
| Colação | v. 14(1) p. 1-10; (2019) |
| Número de controle de registro | BR2026000038 |
| 856 ## - ACESSO E ENDEREÇO ELETRÔNICO | |
| Identificador uniforme de recurso - URI | http://www.agraria.pro.br/ojs32/index.php/RBCA/article/view/v14i1a5621/259 |
Nenhum exemplar disponível.

BINAGRI